000 00740nam a2200289Ia 4500
005 20260324120315.0
008 008 260324s9999 xx 000 0 eng d
020 _a9781315173634
037 _aEBOOK
040 _aCRL
040 _beng
040 _cCRL
041 _2eng
041 _aeng
084 _qCRL
100 _aCath Lowry; Catherine de la Bedoyere
_91158052
245 0 _aSchool Start
245 0 _bTargeted Intervention for Language and Sound Awareness in Reception Class, 2nd Edition
260 _bTaylor and Francis
260 _c2015
365 _a
365 _b215
856 _uhttp://www.taylorfrancis.com/books/9781315173634
942 _cEBOOK
999 _c1749511
_d1749511